Colors in Turkish - Statistics

General Stats
  • This quiz has been taken 42 times
  • The average score is 11 of 20
Answer Stats
English Turkish % Correct
Blue Mavi
100%
Black Siyah
93%
Green Yeşil
93%
White Beyaz
89%
Red Kırmızı
89%
Grey Gri
82%
Brown Kahverengi
82%
Yellow Sarı
82%
Purple Mor
75%
Pink Pembe
75%
Orange Turuncu
75%
Lilac Lila
36%
Beige Bej
29%
Maroon Bordo
21%
Navy Blue Lacivert
21%
Lavender Lavanta
21%
Turquoise Turkuaz
18%
Salmon Somon
11%
Khaki Haki
7%
Teal Ördekbaşı
4%
No matching quizzes found
Score Distribution
Percent of People with Each Score
Percentile by Number Answered
Your Score History
You have not taken this quiz